Dictionary of 20th century architecture (Record no. 3845)

MARC details
000 -LEADER
fixed length control field 00319nam a22001217a 4500
008 - FIXED-LENGTH DATA ELEMENTS--GENERAL INFORMATION
fixed length control field 250610b |||||||| |||| 00| 0 eng d
020 ## - INTERNATIONAL STANDARD BOOK NUMBER
ISBN 0500202346
245 ## - TITLE STATEMENT
Title Dictionary of 20th century architecture
260 ## - PUBLICATION, DISTRIBUTION, ETC. (IMPRINT)
Place of publication London
Name of publisher Thames and Hudson limited
Date of publication 1997
300 ## - COLLATION
Pagination 384p
942 ## - ADDED ENTRY ELEMENTS (KOHA)
Item type Books
050 ## - LIBRARY OF CONGRESS CALL NUMBER
Classification number NA 680
Item number .D 53
Holdings
Source of classification or shelving scheme Not for loan Permanent location Current location Date acquired Accession No. Full call number Barcode. Koha item type
Library of Congress Classification   Samuel Ogbemudia Main Library, University of Abuja Samuel Ogbemudia Main Library, University of Abuja 06/10/2025 2023/6109-75 NA 680 .D 53 2025-2511 Books
Library of Congress Classification   Samuel Ogbemudia Main Library, University of Abuja Samuel Ogbemudia Main Library, University of Abuja 06/10/2025 2023/6109-75 NA 680 .D 53 2025-2512 Books
Library of Congress Classification   Samuel Ogbemudia Main Library, University of Abuja Samuel Ogbemudia Main Library, University of Abuja 06/10/2025 2023/6109-75 NA 680 .D 53 2025-2513 Books
Library of Congress Classification   Samuel Ogbemudia Main Library, University of Abuja Samuel Ogbemudia Main Library, University of Abuja 06/10/2025 2023/6109-75 NA 680 .D 53 2025-2514 Books
Library of Congress Classification   Samuel Ogbemudia Main Library, University of Abuja Samuel Ogbemudia Main Library, University of Abuja 06/10/2025 2023/6109-75 NA 680 .D 53 2025-2515 Books
Library of Congress Classification   Samuel Ogbemudia Main Library, University of Abuja Samuel Ogbemudia Main Library, University of Abuja 06/10/2025 2023/6109-75 NA 680 .D 53 2025-2516 Books
Library of Congress Classification   Samuel Ogbemudia Main Library, University of Abuja Samuel Ogbemudia Main Library, University of Abuja 06/10/2025 2023/6109-75 NA 680 .D 53 2025-2517 Books